Agresivní ideologie a politika amerického imperialismu

Na minha lista:
Detalhes bibliográficos
Formato: Livro
Idioma:tcheco
Publicado em: Praha Orbis 1951
Tags: Adicionar Tag
Sem tags, seja o primeiro a adicionar uma tag!

MARC

LEADER 00000nam a2200000 4500
001 0315209
005 20260302123146.4
041 0 |a cze 
044 |a CZ 
245 1 0 |a Agresivní ideologie a politika amerického imperialismu 
264 1 |a Praha  |b Orbis  |c 1951